000 01043nam a22002417a 4500
999 _c14002
_d14002
003 AR-CdUCM
008 190417b ||||| |||| 00| 0 spa d
040 _aMUNICIPALIDAD PROVINCIAL DEL CUSCO
_cBIBLIOTECA MUNICIPAL DEL CUSCO
082 _a574.1 /
_bF83
100 _aFrisancho F. B., A. Roberto
_932655
245 _aAdaptación biológica a la altura /
260 _aCusco :
_bUniversidad Nacional San Antonio Abad,
_c1971.
300 _a68 páginas ;
_c28 cm.
505 _aContenido: Fundamentos del estudio de adaptación humana -- Proceso de adaptación a la altura -- Adaptación fisiológica adquirida durante el periodo de desarrollo -- Características de la mortalidad infantil en la altura.
650 _aAdaptación biológica a la altura
_932656
650 _aEstudios médicos
_932657
650 _aPerú
_935
700 _aVelásquez, M. Tulio
_932658
710 _aUniversidad Nacional San Antonio de Abad (Cusco)
_91879
710 _aUniversity of Michigan.
_932659
942 _2ddc
_cLIBROS
945 _aacv
_d2019-04-17